000 00875nam a2200241Ia 4500
003 OSt
005 20220923221636.0
006 a|||||r|||| 00| 0
007 ta
008 220922b |||||||| |||| 00| 0 hin d
024 _a198,919
037 _cTextual
040 _aARTS
_cARTS
_bhin
041 _2hin
_ahin
082 _aP152:(Y:393), N7
100 _aरत्तू, कृष्ण कुमार
245 0 _aदूरदर्शन हिन्दी के प्रयोजनमूलक विविध प्रयोग
246 _aDūradarshan hindī ke prayojanamūlak vividh prayoga
260 _aजयपुर
_b इना श्री पब्लिशर्स
_c1997
300 _a321पृ.
_ccm.
942 _hP152:(Y:393), N7
_cTEXL
_2CC
999 _c350725
_d350725